[Event "Sas van Gent op U20"]
[Site "Sas van Gent"]
[Date "1996.??.??"]
[Round "8"]
[White "Bonstingl, Georg"]
[Black "Moen, Andreas"]
[Result "0-1"]
[WhiteElo "2195"]
[BlackElo "2195"]

1.Nf3 d5 2.g3 Bg4 3.Bg2 c6 4.c4 e6 5.cxd5 exd5 6.Qb3 Qb6 7.Qa4 Nf6 8.Nc3 Nbd7
9.O-O Bd6 10.d3 Nc5 11.Qc2 Ne6 12.Be3 Qd8 13.Nd4 O-O 14.Rac1 Nd7 15.Nd1 Bb4
16.Nxe6 fxe6 17.Bd2 Bd6 18.d4 c5 19.e4 cxd4 20.exd5 e5 21.Be4 Nf6 22.Bg5 h6
23.Bxf6 Qxf6 24.f3 Bd7 25.Qb3 a6 26.Rf2 b5 27.Rf1 a5 28.Nf2 a4 29.Qd1 Bc8
30.Nd3 Bb7 31.Qe2 Qg5 32.Nf2 Rac8 33.Qxb5 Rb8 34.Qe2 Rfc8 35.Rcd1 Rc5 36.Bb1 Bxd5
37.Qd3 g6 38.f4 exf4 39.Nh3 Qf5 40.Qxf5 gxf5 41.Nxf4 Bxf4 42.Rxf4 Rxb2 43.Rfxd4 Bc6
44.Rd6 Rg2+ 45.Kf1 Rxh2 46.Bd3 Rc3 47.Ke1 Kg7 48.a3 Bf3 49.Rb1 Rxa3 50.Rbb6 Ra1+
51.Bb1 Rxb1+ 52.Rxb1 Rh1+ 53.Kf2  0-1

[Event "Sas van Gent"]
[Site "Sas van Gent"]
[Date "1996.??.??"]
[Round "9"]
[White "Tjiam, Dharma"]
[Black "De Wolf, Johan"]
[Result "1/2-1/2"]
[WhiteElo "2350"]
[BlackElo "2275"]

1.Nf3 d5 2.g3 c6 3.Bg2 h6 4.O-O Bf5 5.b3 Nf6 6.Bb2 e6 7.d3 Be7 8.Nbd2 O-O
9.c4 a5 10.Qc1 Nbd7 11.Ba3 Bxa3 12.Qxa3 Qb6 13.Qb2 Rfe8 14.d4  1/2-1/2

[Event "Schoeneck-B"]
[Site "Schoeneck"]
[Date "1996.??.??"]
[Round "7"]
[White "Maiwald, Jens Uwe"]
[Black "Delemarre, Jop"]
[Result "1/2-1/2"]
[WhiteElo "2490"]
[BlackElo "2360"]

1.Nf3 d5 2.g3 c6 3.Bg2 Nf6 4.O-O Bg4 5.d4 Nbd7 6.Nbd2 e6 7.Re1 Be7 8.e4 dxe4
9.Nxe4 O-O 10.c3 Nxe4 11.Rxe4 Nf6 12.Re1 Qb6 13.Qb3 Qxb3 14.axb3 Bxf3 15.Bxf3 Nd5
16.Bg2 a6 17.Bd2 Rad8 18.Re2 Bf6 19.h4 h5 20.Kh2 g6 21.Kh3 Kg7 22.Be4 Rfe8
23.Rae1 Rd7 24.Bc2 Rc8 25.b4 Re8 26.Bb3 Red8 27.Re4 Rh8 28.Kg2 Rdd8 29.Kf3 Rd7
30.Rh1 Be7 31.Bg5 Bxg5 32.hxg5 Ne7 33.Re5 Nf5 34.Bc2 Ne7 35.Be4 Nd5 36.Bxd5 cxd5
37.Kf4 Rf8 38.g4 hxg4 39.Kxg4 Rh8 40.Rxh8 Kxh8 41.Re1 Kg7 42.Kf4 Kf8 43.Ke5 Ke7
44.Rh1 Rd8 45.f3 Ra8 46.Ra1 Rf8 47.Ra5 f6+ 48.Kf4 fxg5+ 49.Kg3 Rd8 50.b5 Rd6
51.bxa6 bxa6 52.Ra1 Rb6 53.b4 Kd7 54.Ra5 Rc6 55.Kg4 Rxc3 56.Rxa6 Rc4 57.Kxg5 Rxd4
58.b5 Rb4 59.Ra7+ Kd6 60.Ra6+ Ke5 61.f4+ Rxf4 62.Rxe6+ Kxe6 63.Kxf4 Kd6 64.b6 g5+
65.Kxg5 Kc6 66.Kf4 Kxb6 67.Ke3 Kc5 68.Kd3 d4 69.Kd2 Kc4 70.Kc2 d3+ 71.Kd2 Kd4
72.Kd1 Ke3 73.Ke1 d2+ 74.Kd1 Kd3  1/2-1/2

[Event "Schwaebisch Gmund op"]
[Site "Schwaebisch Gmund"]
[Date "1996.??.??"]
[Round "3"]
[White "Ellers, Holger"]
[Black "Morlo, Michael"]
[Result "0-1"]
[WhiteElo "2310"]
[BlackElo "2290"]

1.Nf3 d5 2.g3 c6 3.Bg2 Nf6 4.O-O Bg4 5.d4 Nbd7 6.Nbd2 e6 7.Re1 Be7 8.e4 dxe4
9.Nxe4 Nxe4 10.Rxe4 Bf5 11.Re1 O-O 12.c3 a5 13.Nd2 a4 14.Nc4 h6 15.Ne3 Bh7
16.h4 Nf6 17.Qe2 Re8 18.Nc4 Nd5 19.Ne5 Bf8 20.Bh3 Qe7 21.Bd2 a3 22.b3 Nf6
23.Bg2 Nd7 24.Nc4 b5 25.Ne3 Rac8 26.Rad1 Nf6 27.c4 c5 28.dxc5 bxc4 29.Nxc4 Qxc5
30.Bc1 Qa7 31.Bf4 Bf5 32.Nd6 Rc2 33.Rd2 Rxd2 34.Qxd2 Rd8 35.Qb4 Ng4 36.Re2 e5  0-1

[Event "Seefeld op"]
[Site "Seefeld"]
[Date "1996.??.??"]
[Round "?"]
[White "Loginov, Valery A"]
[Black "Dittmar, Peter"]
[Result "1-0"]
[WhiteElo "2525"]
[BlackElo "2390"]

1.Nf3 d5 2.g3 c6 3.Bg2 Bg4 4.c4 e6 5.cxd5 exd5 6.O-O Nf6 7.d3 Nbd7 8.Qc2 Bd6
9.e4 O-O 10.Nc3 dxe4 11.dxe4 Re8 12.h3 Bxf3 13.Bxf3 Qc7 14.Bg2 Rad8 15.Be3 Bc5
16.Rae1 Bxe3 17.Rxe3 Nc5 18.Rfe1 Nfd7 19.f4 Ne6 20.e5 Nd4 21.Qf2 Nf5 22.Rd3 Nb6
23.Be4 Rxd3 24.Bxd3 Qd7 25.Rd1 Qe6 26.Kh2 Ne7 27.Bc2 Ned5 28.Ne4 Qe7 29.Nd6 Ra8
30.Qf3 g6 31.Ne4 Kg7 32.h4 f6 33.Re1 fxe5 34.Ng5 Rf8 35.Re2 h6 36.Qe4 hxg5
37.Qxg6+ Kh8 38.Rxe5 Qxe5 39.Qh7+  1-0

[Event "Seefeld op"]
[Site "Seefeld"]
[Date "1996.??.??"]
[Round "?"]
[White "Piven, Igor"]
[Black "Kuporosov, Viktor"]
[Result "1/2-1/2"]
[WhiteElo "2385"]
[BlackElo "2510"]

1.Nf3 d5 2.g3 g6 3.c4 c6 4.Qa4 dxc4 5.Qxc4 Bg7 6.Bg2 e5 7.O-O Ne7 8.d3 Be6
9.Qc2 h6 10.Nbd2 O-O 11.Nc4 Nd7 12.Bd2 Qc7 13.Rac1 Rac8 14.b4 Rfd8 15.Qb1 Nf5
16.Na5 Nd6 17.Bc3 Nb5 18.Bb2 Nd4 19.Rfe1 Nb6 20.Nd2 Bd5 21.f3 Be6 22.a3 Na4
23.Ba1 Qd7 24.Nac4 b5 25.Nb2 Nb6 26.Nd1 Na4 27.Nc3 a5 28.e3 Nf5 29.Bf1 Nxc3
30.Bxc3 Qa7 31.Kf2 axb4 32.axb4 Nd6 33.Qb2 f6 34.Nb3 Qf7 35.Nc5 Nb7 36.Nxe6 Qxe6
37.Ra1 Nd6 38.Qa2 Qd5 39.Rec1 f5  1/2-1/2

[Event "Seefeld op"]
[Site "Seefeld"]
[Date "1996.??.??"]
[Round "?"]
[White "Holl, Hans Peter"]
[Black "Schulz, Rainer"]
[Result "0-1"]
[WhiteElo "2135"]
[BlackElo "2255"]

1.Nf3 d5 2.g3 c6 3.Bg2 Nf6 4.O-O Bg4 5.d3 Nbd7 6.b3 e6 7.Bb2 Be7 8.Nbd2 O-O
9.Qe1 a5 10.a3 a4 11.b4 c5 12.bxc5 Bxc5 13.e4 Qa5 14.Qe2 Rac8 15.h3 Bh5 16.g4 Bg6
17.e5 Ne8 18.Nh4 Qd8 19.Nxg6 fxg6 20.c4 dxc4 21.Nxc4 Nb6 22.Ne3 Bxe3 23.fxe3 Nc7
24.Bxb7 Rb8 25.Bg2 Nbd5 26.Bd4 Qe7 27.Rxf8+ Rxf8 28.Qc2 Qh4 29.Rb1 Qg3 30.Qe2 Qh4
31.Bc5 Rc8 32.Rf1 h6 33.Qf3 Kh7 34.Qf7 Rg8 35.Bd6 Nxe3 36.Bxc7 Nxf1 37.Kxf1 Qg3
38.Qf3 Qh2 39.Qf7 Rc8 40.d4 Qg3 41.Kg1 Qe3+ 42.Kh2 Qxd4 43.Bd6 Rc1 44.Qf3 Qg1+
45.Kg3 Re1 46.Kf4 g5+ 47.Kg3 Re3 48.Qxe3 Qxe3+ 49.Bf3 g6 50.Kg2 Qe1 51.Ba8 h5
52.gxh5 gxh5 53.Bf3 Kg6 54.Ba8 Qe2+ 55.Kh1 Kf5  0-1

[Event "Seefeld op"]
[Site "Seefeld"]
[Date "1996.??.??"]
[Round "?"]
[White "Goldstern, Flip"]
[Black "Schumacher, Helmut"]
[Result "0-1"]
[WhiteElo "2340"]
[BlackElo "2175"]

1.Nf3 d5 2.g3 c6 3.Bg2 Bf5 4.b3 e6 5.Bb2 Nf6 6.d3 h6 7.Nbd2 Nbd7 8.O-O Bh7
9.c4 Be7 10.a3 a5 11.Ra2 O-O 12.Qa1 Qb6 13.Bc3 Qa6 14.Rc1 Rfc8 15.Bh3 Ne8
16.Rcc2 Bf6 17.Ne5 Nxe5 18.Bxe5 b5 19.Nf3 Qb7 20.a4 dxc4 21.bxc4 b4 22.Rc1 c5
23.Bg2 Qe7 24.Nd2 Ra7 25.Nb3 Bxe5 26.Qxe5 Qd6 27.Qe3 e5 28.Bh3 Rcc7 29.f4 f6
30.Rf1 Bg6 31.Raa1 Bf7 32.Rf2 exf4 33.gxf4 Kh8 34.Bf5 g6 35.Qh3 Kh7 36.Be4 Ng7
37.Kh1 f5 38.Bg2 Qf6 39.Qe3 Qd6 40.Ra2 Rc8 41.Ra1 Re7 42.Qd2 Qc7 43.Rg1 Rd8
44.Qc1 Be8 45.Qa1 Nh5 46.Rgf1 Rd6 47.Kg1 Nf6 48.h3 Re3 49.Bf3 Bc6 50.Bxc6 Rxc6
51.Nxc5 Rxh3 52.Nb3 Ng4 53.Rf3 Rh2 54.e3 Qd8 55.Qe1 Qxd3 56.Nxa5 Rc7 57.Qd1 Qc3
58.Rg3 Rd2 59.Qb3 Qf6 60.Qxb4 Rcd7  0-1

[Event "EU-ch U20"]
[Site "Siofok"]
[Date "1996.??.??"]
[Round "2"]
[White "Petrov, Jole"]
[Black "Vasilev, Milen"]
[Result "1-0"]
[WhiteElo "2365"]
[BlackElo "2250"]

1.g3 d5 2.Nf3 Nf6 3.Bg2 Bf5 4.c4 c6 5.O-O Nbd7 6.d3 e6 7.cxd5 exd5 8.Nc3 Bc5
9.e4 dxe4 10.dxe4 Be6 11.e5 Nd5 12.Ne4 Qb6 13.Nfg5 Nf8 14.Nxc5 Qxc5 15.Ne4 Qb6
16.Nd6+ Kd7 17.Kh1 Kc7 18.a4 a5 19.Bd2 Nd7 20.f4 g6 21.Nc4 Qc5 22.Rc1 N7b6
23.Nd6 Ne3 24.Rxc5 Nxd1 25.Rxd1 Nxa4 26.Rxa5 Rxa5 27.Bxa5+ b6 28.Bc3 Nxc3
29.bxc3 Ra8 30.Nb5+ Kb7 31.Nd4 Bd5 32.Bxd5 cxd5 33.Nc2 Rc8 34.Rd3  1-0

[Event "EU-ch U20"]
[Site "Siofok"]
[Date "1996.??.??"]
[Round "6"]
[White "Petrov, Jole"]
[Black "Lehmann, Zoltan"]
[Result "1-0"]
[WhiteElo "2365"]
[BlackElo "2285"]

1.Nf3 d5 2.g3 c6 3.Bg2 Bg4 4.d4 e6 5.O-O Nf6 6.Nbd2 Nbd7 7.Re1 Be7 8.e4 dxe4
9.Nxe4 Nxe4 10.Rxe4 Nf6 11.Re1 O-O 12.c3 Nd5 13.Qb3 Qb6 14.Ne5 Qxb3 15.axb3 Bf5
16.b4 Rfd8 17.Bd2 h6 18.Nc4 Kf8 19.Na5 Rd7 20.Nb3 Rdd8 21.Nc5 b6 22.Ne4 Rd7
23.Ra6 Rc8 24.h3 Rcc7 25.Raa1 Bg6 26.Bc1 Rc8 27.Nd2 c5 28.bxc5 bxc5 29.Nf3 Bf5
30.Ne5 Rdc7 31.g4 Bc2 32.dxc5 Bxc5 33.Bxd5 exd5 34.Be3 Bxe3 35.Rxe3 Rb8 36.b4 Rbc8
37.Ra3 f6 38.Nf3 Bg6 39.Nd4 Bf7 40.Nb5 Rd7 41.Rxa7 Rxa7 42.Nxa7 Re8 43.Nc6 Rxe3
44.fxe3 Ke8 45.Kf2 h5 46.Kf3 hxg4+ 47.hxg4 g5 48.Nd4 Bg6 49.Nf5 Kd7 50.e4 Bf7
51.exd5 Bxd5+ 52.Ke3 Be6 53.Kd4 Kc6 54.c4 Bd7 55.b5+ Kb6 56.Ne3 Ka5 57.Kc5 Be6
58.Kd6  1-0

[Event "EU-ch U20"]
[Site "Siofok"]
[Date "1996.??.??"]
[Round "8"]
[White "Ruck, Robert"]
[Black "Zifroni, Dov"]
[Result "1-0"]
[WhiteElo "2465"]
[BlackElo "2490"]

1.Nf3 d5 2.g3 Nf6 3.Bg2 g6 4.c4 c6 5.b3 Bg7 6.Bb2 O-O 7.O-O Re8 8.d4 Ne4
9.Nbd2 Bf5 10.Nh4 Nxd2 11.Qxd2 Be6 12.Rac1 Nd7 13.f4 f5 14.Qe3 Bf7 15.Nf3 e6
16.h3 Rc8 17.Rfd1 Qe7 18.g4 Nf6 19.Ne5 Nd7 20.Nd3 Nf6 21.g5 Nd7 22.Qd2 Qd8
23.e3 Bf8 24.Bc3 b6 25.h4 Bd6 26.cxd5 exd5 27.Bb4 c5 28.Ba3 Qe7 29.Ne5 Be6
30.Nxd7 Qxd7 31.dxc5 Bxc5 32.Bxc5 bxc5 33.Bxd5 Red8 34.Bxe6+ Qxe6 35.Qxd8+ Rxd8
36.Rxd8+ Kf7 37.Kf2 Qa6 38.Rd2  1-0

[Event "Sitges op"]
[Site "Sitges"]
[Date "1996.??.??"]
[Round "4"]
[White "Marin, Mihail"]
[Black "Glimbrant, Torbjorn"]
[Result "1-0"]
[WhiteElo "2545"]
[BlackElo "2270"]

1.Nf3 d5 2.g3 Nf6 3.Bg2 c5 4.O-O Nc6 5.d3 e5 6.e4 dxe4 7.dxe4 Qxd1 8.Rxd1 Bg4
9.Nbd2 Rd8 10.Rf1 Nd4 11.c3 Ne2+ 12.Kh1 Bd6 13.Re1 Nxc1 14.Raxc1 Bxf3 15.Nxf3 Ke7
16.Bf1 Bc7 17.Rc2 Rd7 18.Bb5 Rdd8 19.a4 h6 20.Nd2 g6 21.Kg2 h5 22.Nb3 b6
23.h4 Rd6 24.Nd2 Rhd8 25.Re2 Rb8 26.f3 Rdd8 27.Rc1 Ra8 28.Ba6 Rab8 29.Nc4 Ne8
30.Bb5 Nf6 31.Kf2 Ra8 32.Ba6 Ne8 33.Ree1 Rab8 34.Ke2 Bd6 35.Ne3 Nf6 36.Ra1 Bc7
37.Bc4 Kf8 38.Rf1 Rd7 39.Rf2 Kg7 40.Rff1 Rf8 41.Rfd1 Rfd8 42.Rxd7 Rxd7 43.Bd5 Rd8
44.Kd3 Ne8 45.g4 hxg4 46.fxg4 Nf6 47.Kc4 Rh8 48.Rh1 Nxd5 49.Nxd5 Bd8 50.Kb5 Rxh4
51.Rxh4 Bxh4 52.Ka6 c4 53.Kxa7 Bf2 54.Kb7 f5 55.exf5 gxf5 56.gxf5 e4 57.Kc6 e3
58.Nf4 Kf6 59.Ne2 Kxf5 60.Kxb6 Ke4 61.Kb5 Kd3 62.Nd4 Bh4 63.a5 Bf6 64.Nf3 Ke2
65.a6 Kxf3 66.a7 e2 67.a8=Q+ Ke3 68.Qe8+ Kd2 69.Qd7+ Kc1 70.Qe6 Kd2 71.Qd6+ Kc2
72.Qe6 Kd2 73.Qxf6 e1=Q 74.Kxc4 Kc2 75.b4 Qe2+ 76.Kc5  1-0

[Event "Sitges op"]
[Site "Sitges"]
[Date "1996.??.??"]
[Round "8"]
[White "Marin, Mihail"]
[Black "Korneev, Oleg"]
[Result "1-0"]
[WhiteElo "2545"]
[BlackElo "2590"]

1.Nf3 d5 2.g3 Bg4 3.Bg2 Nd7 4.c4 dxc4 5.Na3 c6 6.Nxc4 Ngf6 7.b4 e6 8.Qb3 Bxf3
9.Bxf3 Be7 10.Bb2 O-O 11.a3 Nd5 12.O-O Rc8 13.Rac1 a6 14.e4 N5f6 15.d4 Re8
16.Rfd1 Bf8 17.Rc2 Qc7 18.Bg2 Qb8 19.Bc1 h6 20.h3 Red8 21.Bf4 Qa7 22.Rcd2 Re8
23.Be3 Qb8 24.Bf4 Qa7 25.Qb2 b6 26.Qb3 a5 27.Rc2 axb4 28.axb4 Qa6 29.Rb1 b5
30.Na5 Nb6 31.Rbc1 Nc4 32.Nxc4 bxc4 33.Qxc4 Qxc4 34.Rxc4 Ra8 35.Bc7 Be7 36.e5 Nd5
37.Bd6 Bxd6 38.exd6 Rad8 39.Bxd5 cxd5 40.Rc6 f6 41.b5 Rd7 42.b6 Kh7 43.Rb1 Rb8
44.Rc7 Rxd6 45.b7 Rdd8 46.Rb6 e5 47.Kf1 exd4 48.Ke2 Kg6 49.Kd2 Kf5 50.Rbc6 Ke4
51.Rxg7 f5 52.Rxh6 Re8 53.Rh4+ Ke5 54.Kd3 Re6 55.Rd7 Rc6 56.f4+ Ke6 57.Rdh7 Rc3+
58.Kxd4 Rc4+ 59.Kd3 Kd6 60.R4h6+ Kc5 61.Rc7+ Kb5 62.Rxc4 dxc4+ 63.Kc3 Rxb7
64.Rf6 Ka4 65.Kxc4 Rb4+ 66.Kd5 Rb3 67.g4  1-0

[Event "BUL-ch"]
[Site "Sofia"]
[Date "1996.??.??"]
[Round "1"]
[White "Kirov, Nino"]
[Black "Dolmadjan, Arshak"]
[Result "1-0"]
[WhiteElo "2445"]
[BlackElo "2320"]

1.Nf3 d5 2.g3 Nf6 3.Bg2 c6 4.c4 Bg4 5.cxd5 Nxd5 6.O-O e6 7.d4 Nd7 8.e4 N5f6
9.Nc3 Be7 10.h3 Bxf3 11.Qxf3 O-O 12.Rd1 Nb6 13.Qe2 Re8 14.Be3 Bf8 15.a3 Qd7
16.b4 Rad8 17.Rab1 h6 18.a4 Nc8 19.Qa2 Qe7 20.b5 cxb5 21.axb5 b6 22.e5 Nd7
23.f4 Nb8 24.Qc4 Rd7 25.d5 exd5 26.Rxd5 Rc7 27.Qd3 Qa3 28.Ne2 Qxd3 29.Rxd3 Rce7
30.Nd4  1-0

[Event "Solin"]
[Site "Solin"]
[Date "1996.??.??"]
[Round "6"]
[White "Dizdarevic, Emir"]
[Black "Zaja, Ivan"]
[Result "1/2-1/2"]
[WhiteElo "2495"]
[BlackElo "2405"]

1.Nf3 d5 2.g3 Bg4 3.Bg2 c6 4.d4 Nd7 5.Nbd2 Ngf6 6.O-O e6 7.Re1 Be7 8.e4 O-O
9.c3 Rc8 10.Qb3 Qb6 11.exd5 cxd5 12.Qxb6 Nxb6 13.Ne5 Bf5 14.a4 Rfd8 15.Nf1 h6
16.Ne3 Be4 17.f3 Bh7 18.Bf1 Nbd7 19.Nd3 Bd6 20.Ng2 g5 21.Be3 Kg7 22.Bf2 g4
23.Ne5 gxf3 24.Nxf3 Ng4 25.Be3 Nxe3 26.Nxe3 a5 27.Ng4 h5 28.Nf2 Nf6 29.Bd3 Bxd3
30.Nxd3 Ne4 31.Nf2 f5 32.Nd3 Kf6 33.Kf1 Rg8 34.Ke2 Rg4 35.Rf1 Rcg8 36.Nfe5 R4g7
37.Rf4 Rh8 38.Raf1 Ke7 39.Rh4 Nf6 40.Kd2 Ng4 41.Nxg4 fxg4 42.Nf4 Rg5 43.h3 gxh3
44.Rxh3 Rhg8 45.Nxh5 Bxg3  1/2-1/2

[Event "Solymar op"]
[Site "Solymar"]
[Date "1996.??.??"]
[Round "?"]
[White "Bognar, Csaba"]
[Black "Sleisz, Tamas"]
[Result "0-1"]
[WhiteElo "2145"]
[BlackElo "2280"]

1.Nf3 d5 2.g3 Bg4 3.Bg2 Nf6 4.d3 e6 5.h3 Bh5 6.g4 Bg6 7.Ne5 Bd6 8.f4 Bxe5
9.fxe5 Nfd7 10.d4 Qh4+ 11.Kf1 f6 12.exf6 O-O 13.Kg1 Nxf6 14.Nd2 Ne4 15.Nf3 Qf2+
16.Kh2 Qg3+ 17.Kg1 Nf2 18.Qd2 Nxh1 19.Kxh1 Nc6 20.b3 Be4 21.Qe3 Nb4  0-1

[Event "Solymar op"]
[Site "Solymar"]
[Date "1996.??.??"]
[Round "?"]
[White "Bognar, Csaba"]
[Black "Czebe, Attila"]
[Result "0-1"]
[WhiteElo "2145"]
[BlackElo "2325"]

1.Nf3 d5 2.g3 c6 3.Bg2 Bg4 4.d3 Nd7 5.h3 Bxf3 6.Bxf3 Ngf6 7.Bg2 e5 8.O-O Bc5
9.c3 O-O 10.e4 a5 11.Qe2 Re8 12.Nd2 a4 13.Nf3 Bf8 14.Nh4 a3 15.b3 g6 16.Bg5 h6
17.Be3 Qc7 18.Rad1 Rad8 19.Rfe1 b5 20.Kh1 b4 21.cxb4 Bxb4 22.Rf1 Kh7 23.Qc2 Qa5
24.f4 exf4 25.gxf4 dxe4 26.dxe4 Nc5 27.e5 Nd5 28.Bxd5 cxd5 29.f5 Ne4 30.Qg2 g5  0-1

[Event "St Cugat op"]
[Site "St Cugat"]
[Date "1996.??.??"]
[Round "5"]
[White "Hernando Rodrigo, Jose Maria"]
[Black "Gonzalez Velez, Fermin"]
[Result "0-1"]
[WhiteElo "2275"]
[BlackElo "2415"]

1.Nf3 d5 2.g3 c6 3.Bg2 Bg4 4.Ne5 Bh5 5.d4 e6 6.Nd2 Bd6 7.Ndf3 Ne7 8.O-O O-O
9.b3 a5 10.c4 a4 11.c5 Bc7 12.bxa4 f6 13.Nd3 Nd7 14.Nf4 Bf7 15.Qc2 Ng6 16.Nxg6 Bxg6
17.Qb3 b6 18.cxb6 Nxb6 19.Ba3 Re8 20.Rfc1 Nc4 21.Rxc4 dxc4 22.Qxc4 Qd5 23.Qb4 Be4
24.Bh3 Qa5 25.Nd2 Bc2 26.Qb7 Qxd2 27.Qxc7 Qxe2 28.Qxc6 Bxa4 29.Qc3 Rac8 30.Bc5 Bc6
31.a4 Qe4 32.f3 Qd5 33.a5 Rb8 34.Bb6 Qxf3 35.Qxf3 Bxf3 36.Rc1 Bd5 37.Kf2 Rec8
38.Rc5 Kf7 39.Bf1 Rc6 40.Rxc6 Bxc6 41.Ke3 Bb7 42.Bb5 Ra8 43.Kd3 Bd5 44.Kc3 e5
45.Kb4 e4 46.Kc3 Ke6 47.Kd2 g5 48.Be2 f5 49.Ke3 Rf8 50.Kf2 f4 51.Bc7 e3+
52.Ke1 f3 53.Bf1 f2+  0-1

[Event "Petrov mem"]
[Site "St Petersburg"]
[Date "1996.??.??"]
[Round "2"]
[White "Karasev, Vladimir I"]
[Black "Lukin, Andrei M"]
[Result "1/2-1/2"]
[WhiteElo "2360"]
[BlackElo "2455"]

1.Nf3 d5 2.g3 g6 3.c4 d4 4.b4 Bg7 5.Bb2 c5 6.bxc5 Nc6 7.Bg2 Nf6 8.e3 Ng4
9.O-O O-O 10.exd4 Nxd4 11.Bxd4 Bxd4 12.Nc3 Bxc3 13.dxc3 Qc7 14.h3 Nf6 15.Qd4 Nd7
16.Rfe1  1/2-1/2

[Event "St Petersburg-ch"]
[Site "St Petersburg"]
[Date "1996.??.??"]
[Round "2"]
[White "Loginov, Valery A"]
[Black "Orlov, Vassily"]
[Result "1-0"]
[WhiteElo "2525"]
[BlackElo "2430"]

1.Nf3 d5 2.g3 c5 3.Bg2 Nc6 4.d4 e6 5.O-O Nf6 6.c4 h6 7.cxd5 exd5 8.Nc3 Be7
9.dxc5 Bxc5 10.Na4 Be7 11.Be3 O-O 12.Rc1 Ne4 13.Nd4 Bd7 14.Nxc6 Bxc6 15.Nc3 Re8
16.Bd4 Qd7 17.Qd3 Bb4 18.Bxg7 Bxc3 19.Bxc3 Bb5 20.Qd4 Nxc3 21.Rxc3 Rxe2 22.Rc5 Bc6
23.b4 a6 24.a4 Qe8 25.Bxd5 Bxd5 26.Rxd5 Qe4 27.Qd1 Re8 28.Rd4 Qf5 29.Rf4 Qe5
30.Qd7 Qe7 31.Qg4+ Kh7 32.Rd1 Re1+ 33.Rxe1 Qxe1+ 34.Kg2 Qe7 35.a5 Rd8 36.Qf5+ Kg7
37.Rg4+ Kh8 38.Re4 Qf8 39.Qf6+ Kg8 40.Re7 Rb8 41.Rc7 Qe8 42.Qxh6 Qe4+ 43.f3 Qe2+
44.Kh3 Qxf3 45.Rc5  1-0

[Event "RUS-Cup1 Chigorin mem"]
[Site "St Petersburg"]
[Date "1996.??.??"]
[Round "3"]
[White "Karasev, Vladimir I"]
[Black "Beliavsky, Boris"]
[Result "1-0"]
[WhiteElo "2350"]
[BlackElo "2305"]

1.Nf3 d5 2.g3 Nf6 3.Bg2 Bf5 4.O-O e6 5.d3 Be7 6.b3 O-O 7.Bb2 Nbd7 8.Nbd2 a5
9.a4 c6 10.Nh4 Bg6 11.Nxg6 hxg6 12.e4 Qc7 13.Qe2 dxe4 14.dxe4 Rfd8 15.f4 Bf8
16.Kh1 Re8 17.Rad1 Rad8 18.e5 Nd5 19.Ne4 b5 20.c4 bxc4 21.bxc4 Nb4 22.h4 Nc5
23.Nd6 Re7 24.Bd4 Nb3 25.Be3 c5 26.Qb2 Nd4 27.Bxd4 cxd4 28.Qxd4 Na6 29.Qb2 Rb8
30.Qe2 Qc5 31.h5 Rd7 32.Ne4 Rxd1 33.Rxd1 Qe7 34.hxg6 fxg6 35.Qg4 Nc5 36.Nxc5 Qxc5
37.Qxe6+  1-0

[Event "Petrov mem"]
[Site "St Petersburg"]
[Date "1996.??.??"]
[Round "4"]
[White "Loginov, Valery A"]
[Black "Orlov, Vassily"]
[Result "1-0"]
[WhiteElo "2525"]
[BlackElo "2405"]

1.Nf3 d5 2.g3 g6 3.c4 Nf6 4.cxd5 Nxd5 5.Bg2 Bg7 6.d4 O-O 7.O-O Nc6 8.Nc3 Nb6
9.e3 e5 10.d5 Na5 11.e4 c6 12.Bg5 f6 13.Be3 cxd5 14.exd5 Nac4 15.Bc5 Rf7
16.b3 Nd6 17.Nd2 f5 18.Rc1 Ne8 19.d6 Be6 20.Nb5 a6 21.Nc7 Nxc7 22.Bxb6 Qxd6
23.Nc4 Qxd1 24.Rfxd1 Ne8 25.Nxe5 Bxe5 26.Re1 Bc7 27.Rxe6 Ng7 28.Bxb7 Nxe6
29.Bxa8 Bxb6 30.Bd5 Nd4 31.Rc8+ Kg7 32.Bxf7 Kxf7 33.b4 Ke6 34.Ra8 Kd5 35.Rxa6 Kc6
36.Ra8 Nf3+ 37.Kg2 Ne1+ 38.Kf1 Nd3 39.Rh8 Nxf2 40.a4 Ng4 41.Rxh7 Bd4 42.Ke2 Ne5
43.h4 Ng4 44.h5 g5 45.h6 Be5 46.a5 Bxg3 47.a6 Bf2 48.a7 Bxa7 49.Rxa7 Nxh6
50.Ra6+  1-0

[Event "Petrov mem"]
[Site "St Petersburg"]
[Date "1996.??.??"]
[Round "5"]
[White "Kochyev, Alexander"]
[Black "Rapoport, Igor"]
[Result "1-0"]
[WhiteElo "2430"]
[BlackElo "2260"]

1.Nf3 d5 2.g3 c6 3.Bg2 Bf5 4.O-O h6 5.c4 e6 6.cxd5 exd5 7.d3 Nf6 8.Nc3 Be7
9.Nd4 Bc8 10.e4 dxe4 11.dxe4 O-O 12.h3 Na6 13.e5 Nd5 14.Nxd5 cxd5 15.g4 Nb4
16.Nf5 Bc5 17.Bf4 Be6 18.Rc1 Bxf5 19.gxf5 Qh4 20.Qf3 Rac8 21.Bg3 Qd4 22.f6 g6
23.Rfd1 Qxb2 24.Rxc5 Rxc5 25.Qe3  1-0

[Event "Petrov mem"]
[Site "St Petersburg"]
[Date "1996.??.??"]
[Round "6"]
[White "Loginov, Valery A"]
[Black "Rustemov, Alexander"]
[Result "1/2-1/2"]
[WhiteElo "2525"]
[BlackElo "2495"]

1.Nf3 d5 2.g3 g6 3.c4 e6 4.Bg2 Bg7 5.O-O Ne7 6.Qc2 Nbc6 7.d3 O-O 8.a3 h6
9.Nbd2 a5 10.Rb1 a4 11.b3 axb3 12.Nxb3 d4 13.Bd2 e5 14.a4 Ra7 15.a5 Qd6 16.e3 g5
17.exd4 exd4 18.h4 g4 19.Ne1 Ng6 20.Nc1 Re8 21.Rb5 Bd7 22.Nb3 Nd8 23.Rd5 Qe7
24.Nxd4 c6 25.Nf5 Bxf5 26.Rxf5 Ne6 27.Be3 Nd4 28.Bxd4 Bxd4 29.Qd1 Qe2 30.Nc2 Bc3
31.Ne3 Qxd1 32.Rxd1 Ne7 33.Rh5 Kg7 34.Be4 Rxa5 35.Rxa5 Bxa5 36.Rb1 Rb8 37.h5 b5
38.Nf5+ Nxf5 39.Bxf5 b4 40.Rb3 Bb6 41.Bd7 c5 42.Bxg4 Ra8 43.Kf1 Ra3 44.Bd1 Kf6
45.f4 Ra1 46.Ke2 Ra2+ 47.Ke3 Rg2 48.g4 Bc7 49.Bf3 Rg1 50.d4 Rc1 51.dxc5 Rxc4
52.Be4 Rxc5 53.Rxb4 Rc3+ 54.Bd3 Rc5 55.Ke4 Kg7 56.Ra4 Ra5 57.Rc4 Bd8 58.Rc6 Ra4+
59.Ke3 Ra8 60.Bc4 Ra3+ 61.Ke4 Ra7 62.Bb3 Rb7 63.Bd5 Re7+ 64.Kf5 Rd7 65.Rc5 Rc7
66.Rb5 Be7 67.Rb6 Rc5 68.Ke4 Rc7 69.Ra6 Bd8 70.Ke5 Re7+ 71.Kd6 Kf6 72.Kc5+ Kg7
73.Kd6 Kf6 74.g5+ hxg5 75.h6 gxf4 76.Kc5+ Kg5 77.h7 Re8 78.Bxf7 Rh8 79.Bg8 f3
80.Kc4 f2 81.Ra1 Kf4 82.Kd3 Bf6 83.Rb1 Kf3 84.Bd5+ Kg3 85.Bg8 Kf3 86.Bd5+ Kg3
87.Bg8 Kf3  1/2-1/2

[Event "Petrov mem"]
[Site "St Petersburg"]
[Date "1996.??.??"]
[Round "7"]
[White "Karasev, Vladimir I"]
[Black "Yagupov, Igor"]
[Result "1/2-1/2"]
[WhiteElo "2360"]
[BlackElo "2450"]

1.Nf3 d5 2.g3 c6 3.Bg2 Bg4 4.h3 Bxf3 5.Bxf3 e5 6.d3 Nf6 7.Bg2 Nbd7 8.O-O Bd6
9.e4 dxe4 10.dxe4 Qe7 11.Qe2 O-O 12.a4 a5 13.Nd2 Rfd8 14.Nc4 Bc5 15.Rd1 Ne8
16.c3 Nd6 17.Nxa5 Rxa5 18.b4 Raa8 19.bxc5 Nxc5 20.Qc2 b5 21.Ba3 Nxa4 22.c4 Qe6
23.cxb5 cxb5 24.Qc6 Nc4 25.Rxd8+ Rxd8 26.Qxb5 Nc3 27.Qb4 Ne2+ 28.Kh2 Nxa3
29.Rxa3 g6 30.Ra7 Nd4 31.Qe7  1/2-1/2

[Event "RUS-Cup1 Chigorin mem"]
[Site "St Petersburg"]
[Date "1996.??.??"]
[Round "7"]
[White "Makarov, Marat"]
[Black "Vysochin, Spartak"]
[Result "0-1"]
[WhiteElo "2560"]
[BlackElo "2480"]

1.Nf3 d5 2.g3 Nf6 3.Bg2 c6 4.O-O Bf5 5.d3 h6 6.c4 e6 7.Be3 dxc4 8.dxc4 Qxd1
9.Rxd1 Nbd7 10.Nc3 Bc2 11.Rdc1 Bh7 12.h3 a5 13.Na4 Be4 14.Bf1 Be7 15.Nd2 Bh7
16.Bg2 Bd6 17.c5 Bc7 18.Nc4 Ke7 19.Nab6 Ra6 20.Nxd7 Nxd7 21.Rd1 Rd8 22.Rd2 Ne5
23.Rxd8 Kxd8 24.Rd1+ Kc8 25.Nb6+ Bxb6 26.cxb6 Nc4 27.Bd4 e5 28.Bc3 f6 29.f4 exf4
30.gxf4 Nxb6 31.b3 a4 32.Bb4 axb3 33.axb3 Nd7 34.e4 Rb6 35.Bd6 Rxb3 36.Ra1 Nb6
37.Bf8 Nc4 38.Bxg7 Rg3 39.Ra8+ Kc7 40.Bxf6 Bxe4 41.Ra2 Ne3 42.Be5+ Kd7 43.Rd2+ Ke7
44.Kf2 Rxg2+ 45.Kxe3 Rxd2 46.Kxd2 Ke6 47.Kc3 Kd5 48.Kb4 Bd3 49.Bg7 h5 50.Ka5 b5
51.h4 Kc4 52.Bf8 c5 53.Kb6 b4 54.Bxc5 b3 55.Ba3 Kc3 56.Kc5 b2 57.Bxb2+ Kxb2
58.Kd4 Kc2 59.Ke5 Kd2 60.Kf6 Bb5 61.f5 Ke3  0-1

[Event "Petrov mem"]
[Site "St Petersburg"]
[Date "1996.??.??"]
[Round "8"]
[White "Giorgadze, Giorgi"]
[Black "Burmakin, Vladimir"]
[Result "1-0"]
[WhiteElo "2590"]
[BlackElo "2535"]

1.Nf3 d5 2.g3 Nf6 3.Bg2 c6 4.O-O Bg4 5.d4 Nbd7 6.Nbd2 e6 7.Re1 Be7 8.e4 dxe4
9.Nxe4 Nxe4 10.Rxe4 Bh5 11.c3 O-O 12.Qb3 Qb6 13.Re1 Bxf3 14.Bxf3 Bd6 15.Be3 Qc7
16.Rad1 Rfe8 17.Qc2 Rad8 18.Bg2 Nf6 19.c4 Qa5 20.Bd2 Qh5 21.Bc3 Qg6 22.Qa4 Bb8
23.Qb3 Rd7 24.d5 cxd5 25.cxd5 e5 26.Bh3 Rdd8 27.Qxb7 Qh5 28.Bg2 Rd7 29.Qc6 Rd6
30.Qa4 Qf5 31.Rd2 h5 32.Rde2 Rdd8 33.f4 Qc8 34.Qc6 Qxc6 35.dxc6 exf4 36.gxf4 Rxe2
37.Rxe2 Bxf4 38.Bxf6 gxf6 39.Bh3 Rd1+ 40.Kg2 Rc1 41.Bd7 Be5 42.Kf3 Kf8 43.Ke4 Ke7
44.Kd5 Kd8 45.Rg2 Kc7 46.h3 Kb6 47.b3 Rd1+ 48.Ke4 Rd4+ 49.Ke3 f5 50.Bxf5 Kxc6
51.Be4+ Kd6 52.Rg8 Rb4 53.Rg5 h4 54.Rh5 a5 55.Bd3 a4 56.Bc4 axb3 57.axb3 Bg3
58.Rf5 Rb7 59.Kd4 Rb6 60.Rf6+ Kc7 61.Rxf7+ Kd6 62.Rf5 Kc6 63.Rf1 Kd6 64.Rf8 Kc6
65.Rf5 Kd6 66.Bb5 Rb7 67.Rd5+ Kc7 68.Kc5 Bf2+ 69.Kc4 Rb8 70.Rd7+ Kb6 71.Rd6+ Kb7
72.Bc6+ Kc7 73.Rf6 Be1 74.Bb5 Kb7 75.Kc5 Rd8 76.Bc6+ Kb8 77.b4 Rd2 78.Rf8+ Kc7
79.Rf7+ Kb8 80.Be4 Re2 81.Re7 Rb2 82.Re8+ Kc7 83.b5 Bb4+ 84.Kc4 Bd6 85.Bd3 Bg3
86.Re6 Kd7 87.Rc6 Rf2 88.Rh6 Rf4+ 89.Kd5 Bf2 90.Be4 Rf8 91.b6 Kc8 92.Kc6 Kb8
93.b7 Bg3 94.Rh5 Re8 95.Bg2 Bf2 96.Ra5 Ba7 97.Ra4 Rg8 98.Bd5 Rh8 99.Kd7 Rh5
100.Be4 Rc5 101.Kd6 Rg5 102.Rc4 Rg8 103.Kd7 Rg7+ 104.Ke6 Rc7 105.Ra4 Rg7
106.Kf6 Rd7 107.Kg5 Rd8 108.Kxh4 Rh8+ 109.Kg4 Rg8+ 110.Kf5 Rh8 111.Ra3 Rf8+
112.Kg6 Re8 113.Bf3 Rh8 114.Bd5 Rd8 115.Be4 Re8 116.Kf5 Rf8+ 117.Kg4 Rg8+
118.Kf3 Rf8+ 119.Kg2 Rg8+ 120.Rg3 Rh8 121.Rg4 Bc5 122.Bf3 Bd6 123.h4 Be5
124.h5 Kc7 125.Rc4+ Kb8 126.Kh3 Rf8 127.Bd5 Rd8 128.Be4 Rh8 129.Kg4 Bd6 130.Bd5 Rd8
131.h6 Bf8 132.h7 Bg7 133.Be4 Be5 134.Ra4 Kc7 135.Ra8 Rb8 136.Kf5 Bh8 137.Rxb8 Kxb8
138.Ke6  1-0